<?xml version="1.0" encoding="UTF-8"?><collection xmlns="info:lc/xmlns/marcxchange-v2"><record format="Unimarc" type="bibliographic"><leader>00550cam  2200193   450 </leader><controlfield tag="001">1916750</controlfield><controlfield tag="003">http://id.bnportugal.gov.pt/bib/porbase/1916750</controlfield><controlfield tag="005">20030523131200.0</controlfield><datafield ind1=" " ind2=" " tag="010"><subfield code="a">84-239-4500-6</subfield></datafield><datafield ind1=" " ind2=" " tag="035"><subfield code="5">71067</subfield></datafield><datafield ind1=" " ind2=" " tag="095"><subfield code="a">PTBN00779993</subfield></datafield><datafield ind1=" " ind2=" " tag="100"><subfield code="a">19950728g19881989k  y0pory0103    ba</subfield></datafield><datafield ind1="0" ind2=" " tag="101"><subfield code="a">spa</subfield></datafield><datafield ind1=" " ind2=" " tag="102"><subfield code="a">ES</subfield></datafield><datafield ind1="1" ind2=" " tag="200"><subfield code="a">Enciclopedia universal ilustrada europeo-americana</subfield></datafield><datafield ind1=" " ind2=" " tag="210"><subfield code="a">Madrid</subfield><subfield code="c">Espasa-Calpe</subfield><subfield code="d">1988-1989</subfield></datafield><datafield ind1=" " ind2=" " tag="215"><subfield code="a">108 vol.</subfield><subfield code="c">il.</subfield><subfield code="d">26 cm</subfield></datafield><datafield ind1=" " ind2=" " tag="675"><subfield code="a">30</subfield><subfield code="v">BN</subfield><subfield code="z">por</subfield><subfield code="3">288179</subfield></datafield><datafield ind1=" " ind2="0" tag="801"><subfield code="a">PT</subfield><subfield code="b">BN</subfield><subfield code="g">RPC</subfield></datafield><datafield ind1=" " ind2=" " tag="977"><subfield code="1">ENC 9-1/9-108 V</subfield><subfield code="2">coop</subfield><subfield code="4">ULLE</subfield><subfield code="6">mq915452</subfield><subfield code="7">bc</subfield><subfield code="8">coop</subfield><subfield code="9">ULLE</subfield><subfield code="b">134746/134854</subfield><subfield code="k">0</subfield></datafield><datafield ind1=" " ind2=" " tag="998"><subfield code="a">LLE27-264</subfield></datafield></record></collection>